| 000 | 00839cam a2200157 4500500 | ||
|---|---|---|---|
| 005 | 20260111090416.0 | ||
| 041 | _afre | ||
| 042 | _adc | ||
| 100 | 1 | 0 |
_aMambrino, Jean _eauthor |
| 245 | 0 | 0 | _aFrançois Cheng, Le Dialogue, une passion pour la langue française, Desclée de Brouwer, 2002, 96 pages, 10 € |
| 260 | _c2003. | ||
| 500 | _a85 | ||
| 520 | _aRésuméPour avoir désobéi à l’ordre du roi d’adorer une immense statue d’or, trois hommes sont jetés dans une fournaise. Mais les voici qui marchent en chantant la louange de leur Dieu, car son ange est là, qui souffle dans la violence des flammes comme une fraîcheur de brise et de rosée... | ||
| 786 | 0 | _nÉtudes | 398 | 1 | 2003-01-01 | p. 123b-143b | 0014-1941 | |
| 856 | 4 | 1 | _uhttps://shs.cairn.info/revue-etudes-2003-1-page-123b?lang=fr&redirect-ssocas=7080 |
| 999 |
_c1618863 _d1618863 |
||